00401nam a2200133Ia 4500003000400000008004100004040001600045082001300061100001900074245009800093260004500191300000800236650002300244GCL140319s9999 xx 000 0 eng d aGCL / cGCL04a862bB T1 aBECHT, BERLOLT10aTEATRO COMPLETO, 1 BAAL. TAMBORES EN LA NACHE EN LA JUNGLA DE LES CIUDADES / cBECHT, BERLOLT a[S.N] : bEL LIBRO DE BOLSILLO ، c1987 a20904aSPANISH LITERATURE